Uncertainty, international money, employment and theory (Record no. 60590)

MARC details
000 -LEADER
fixed length control field 00568nam a2200145 a 4500
008 - FIXED-LENGTH DATA ELEMENTS--GENERAL INFORMATION
fixed length control field 120416s0000 ||||||||||||||||| || u
020 ## - INTERNATIONAL STANDARD BOOK NUMBER
International Standard Book Number 0312221916
050 ## - LIBRARY OF CONGRESS CALL NUMBER
Classification number HG 229 Unc
100 ## - MAIN ENTRY--PERSONAL NAME
Personal name Davidson, Louise
245 10 - TITLE STATEMENT
Title Uncertainty, international money, employment and theory
Statement of responsibility, etc. edited by Louise Davidson
246 ## - VARYING FORM OF TITLE
Title proper/short title the collected....vol.3
260 ## - PUBLICATION, DISTRIBUTION, ETC.
Place of publication, distribution, etc. London
Name of publisher, distributor, etc. Macmillan
Date of publication, distribution, etc. 1999
350 ## - PRICE (NR) (BK AM CF MU VM SE) [OBSOLETE]
Price 0.00
995 ## - RECOMMENDATION 995 [LOCAL, UNIMARC FRANCE]
-- 0.00
-- CBU-MAIN LIBRARY (Kitwe)
-- 1
-- 30.00
-- 1
-- AVAILABLE
-- Oct 4, 2006
-- Main Library Open Access Collection
Holdings
Withdrawn status Lost status Source of classification or shelving scheme Damaged status Not for loan Home library Current library Shelving location Date acquired Total Checkouts Full call number Barcode Date last seen Price effective from Koha item type
          CBU-MAIN LIBRARY, KITWE. CBU-MAIN LIBRARY, KITWE.   11/30/2022   HG 229 Unc 46067 11/30/2022 11/30/2022 MONOGRAPH